000 00330nam a2200145Ia 4500
100 _aSudhakar/ A.
942 _cBK
654 _acircuit Networks
245 _aCircuit & networks : Analysis & Synthesis
260 _bTata Mc Graw hill
_aDelhi
_c1994
082 _a621.3192
300 _a754
546 _aENGLISH
999 _c34129
_d34129